LEADER 01211nam a22002531i 4500 001 991003671879707536 005 20030916082644.0 008 031111s1973 fr |||||||||||||||||fre 035 $ab12458958-39ule_inst 035 $aARCHE-049224$9ExL 040 $aDip.to Lingue$bita$cA.t.i. Arché s.c.r.l. Pandora Sicilia s.r.l. 082 04$a445 100 1 $aFrançois, Alexis$0403353 245 13$aLa grammaire du purisme et l'Académie Française au XVIII siècle :$bintroduction à l'étude des commentaires grammaticaux d'auteurs classiques ; suivi des Les origines lyriques de la phrase moderne : étude sur la prose cadencée dans la litterature française au XVIII siècle /$cAlexis François 250 $aRist. anast. 260 $aGenève :$bSlatkine reprints,$c1973 300 $aXV, 279, 61 p. ;$c23 cm 650 4$aLingua francese$xStoria$ySec. 18. 907 $a.b12458958$b02-04-14$c13-11-03 912 $a991003671879707536 945 $aLE012 445 FRA$g1$i2012000198005$lle012$o-$pE0.00$q-$rl$s- $t0$u0$v0$w0$x0$y.i1288862x$z13-11-03 996 $aGrammaire du purisme et l'Académie Française au XVIII siècle$9179186 997 $aUNISALENTO 998 $ale012$b13-11-03$cm$da $e-$ffre$gfr $h3$i1